01320 a2200217 45000010006000000050017000060080041000230030015000640400040000790800125001192450078002440200018003222640032003403000019003725050588003911000023009797000019010027000030010217000024010517000027010753787820260407155645.0260407a1991 arg spa dAR-UNSa-BCEJYS aAR-UNSa-BCEJYSbspacAR-UNSa-BCEJYS a658.012.2xPlanificación. Programas. Planes. Medidas de apoyo a la planificación( Administración estratégica...)10aTercera generación de I+Dpsu integración en la estrategia de negocio a84-7615-782-7 1aMadrid :bMcGraw-Hillc1991 a188 p.c24 cm. a1. La integración en la estrategia de negocio - 2. ¿ Que son: Tecnología, investigación, desarrollo? - 3. Una introducción a la gestión eficaz de I+D - 4. Alta dirección e I+D, anexo: tecnología, madurez e impacto competitivo - 5. Evaluación de riesgos y beneficios, anexo: Posición tecnológica competitiva - 6. La cartera de I+D - 7. Enfocar la organización de I+D hacia resultados - 8. Más allá de la gestión del proyecto - 9. Cómo obtener el máximo rendimiento del personal: Ruptura del aislamiento de I+D - 10. La empresa de tercera generación 1 aRoussel, Philip A.1 aSaad, Kamal N.1 aOrtiz Chaparro, Francisco1 aErickson, Tamara J.1 aSöntgerath, Veronika